Écrit sur le vif... Trajets de vie en Afrique (notice n° 1629779)

détails MARC
000 -LEADER
fixed length control field 01203cam a2200157 4500500
005 - DATE AND TIME OF LATEST TRANSACTION
control field 20260111102012.0
041 ## - LANGUAGE CODE
Language code of text/sound track or separate title fre
042 ## - AUTHENTICATION CODE
Authentication code dc
100 10 - MAIN ENTRY--PERSONAL NAME
Personal name Engel, Jean-Pierre
Relator term author
245 00 - TITLE STATEMENT
Title Écrit sur le vif... Trajets de vie en Afrique
260 ## - PUBLICATION, DISTRIBUTION, ETC.
Date of publication, distribution, etc. 2005.<br/>
500 ## - GENERAL NOTE
General note 92
520 ## - SUMMARY, ETC.
Summary, etc. Résumé L’auteur témoigne d’une expérience de cer au Burkina Faso, « pays des hommes intègres », anciennement Haute Volta. Les hommes s’y disaient intègres, certains le sont restés, parce qu’un révolutionnaire, le capitaine Sankara, les avait voulus ainsi. Il est mort, peut être même en est-il mort ? Nous ne sommes pourtant pas pour autant allés chercher la justice ailleurs en venant au Burkina Faso mais nous sommes allés dans un pays (et il y en a d’autres) où la liberté se gagne et où l’égalité et la fraternité se cherchent, nous sommes partis à la recherche de valeurs disparues, à la rencontre d’hommes et de femmes qui savent et subissent le poids, la douleur, le prix des choses de la vie.
786 0# - DATA SOURCE ENTRY
Note Empan | 59 | 3 | 2005-09-01 | p. 123-129 | 1152-3336
856 41 - ELECTRONIC LOCATION AND ACCESS
Uniform Resource Identifier <a href="https://shs.cairn.info/revue-empan-2005-3-page-123?lang=fr&redirect-ssocas=7080">https://shs.cairn.info/revue-empan-2005-3-page-123?lang=fr&redirect-ssocas=7080</a>

Pas d'exemplaire disponible.

PLUDOC

PLUDOC est la plateforme unique et centralisée de gestion des bibliothèques physiques et numériques de Guinée administré par le CEDUST. Elle est la plus grande base de données de ressources documentaires pour les Étudiants, Enseignants chercheurs et Chercheurs de Guinée.

Adresse

627 919 101/664 919 101

25 boulevard du commerce
Kaloum, Conakry, Guinée

Réseaux sociaux

Powered by Netsen Group @ 2025